000 00382nam a2200157Ia 4500
008 160316s2008 xxu||||| |||| 00| 0 eng d
082 _a345.540000
_bMIS
100 _aMISRA S M
245 _aIndian penal code
250 _a16th
260 _aDelhi
_bCentral Law Publications
_c2008
300 _a790p
_b
_c
365 _bRs. 365
650 _a1. Indian Penal Code
700 _a
_a
999 _c26296
_d26296